Normal view MARC view

Entry Personal Name

Number of records used in: 1

001 - CONTROL NUMBER

  • control field: 1237133

003 - CONTROL NUMBER IDENTIFIER

  • control field: OSt

005 - DATE AND TIME OF LATEST TRANSACTION

  • control field: 20260430150322.0

008 - FIXED-LENGTH DATA ELEMENTS

  • fixed length control field: 260430|| aca||aabn | a|a d

040 ## - CATALOGING SOURCE

  • Original cataloging agency: OSt
  • Transcribing agency: OSt

100 ## - HEADING--PERSONAL NAME

  • Personal name: University of Delhi. Fuculty of Science. Deptt. of Physics & Astrophysics

670 ## - SOURCE DATA FOUND

  • Source citation: Work cat.: (OSt)1849499: Das Jaydeb Au.; Choudhury Debajyoti Gu.; Das Diganta Gu. 1237132, Rare Semileptonic Decays of the Ab in the Standard Model and Beyond, 2023
Copyright @ Delhi University Library System